Tratado de derecho penal. Tomo II /

La culpabilidad del autor

Guardado en:
Autor Principal: Nuñez, Ricardo C.
Formato: Libro
Idioma:Spanish
Publicado: Buenos Aires : Córdoba, 1987
Edición:2a. ed. 2a. reimp.
Materias:
Etiquetas: Agregar Etiqueta
Sin Etiquetas, Sea el primero en etiquetar este registro!
LEADER 00735nam a22002415a 4500
001 DER.der000255
008 180615s1987####ag#||||||||||||||#||spa||
005 20251125151937.0
245 1 0 |a Tratado de derecho penal.  |n Tomo II /  |c Ricardo C. Nuñez. 
250 |a 2a. ed. 2a. reimp. 
260 |a Buenos Aires :  |b Córdoba,  |c 1987 
300 |a 653 p. 
520 |a La culpabilidad del autor 
520 |a Punibilidad del hecho 
520 |a Concursos de delitos 
520 |a Participación criminal 
520 |a Tentativa 
520 |a La pena 
520 |a Medidas de seguridad y corrección 
520 |a Reparación civil 
100 1 |a Nuñez, Ricardo C. 
650 7 |a DERECHO PENAL 
859 |a DERECHO  |b BIB. DERECHO  |h 345  |i NUN  |p 001050  |3 Tomo II